00693nam a2200229Ia 4500003000900000008004100009040001300050040001300063041000800076100002300084245004200107250001100149260001500160260000900175300001100184300001200195490002900207490000600236942000700242999001700249952019700266IT-RoPAU120407s9999 xx 000 0 und d aIT-RoPAU cIT-RoPAU aita aGiuseppe Barbaglio aPaolo di Tarso e le origini cristiane aAssisi aCittadella c1985 a492 p. c21,5 cm aCommenti e studi biblici v1 cBK c35200d35200 00102ddc406922_45000000000000071aPAULUSbPAULUSd2012-04-11l0o922.45r2012-04-11 00:00:00w2012-04-11yBKzInserito da: Carla In data: 24 ottobre 2011 fondo: Via A.Severo 56 Progr:28292